00717 2200253 4500001002100000005001700021008004100038035002400079082001100103090002100114100002100135245009100156250001100247260003100258300001800289500003500307650002800342700002100370700002100391850001500412985000600427999001500433999001500448YOGYA-0209000002947320090227024339.0 ind  0010-020900000029473 a297.30 a297.30bHil PlT aAL-HILALI, Salim aPerusak amalcSalim Al-Hilali; penerjemah H.M. Qodirun Nur; penyunting Mu'Nisatul Wara aCet. 1 aSolobPustaka Mantiqc1997 a75 hlmc16 cm aJudul asli : Mubthilatul A'mal aIslam - pahala dan dosa aNur,H.M. Qodirun aWaro, Mu'Nisatul aYOPDYOG(B) a2 a98P0117658 a98P0117659